000
00315nam a22001337a 4500
008
170627b xxu||||| |||| 00| 0 eng d
020
_a
9780072839234
041
_a
eng
080
_2
9TH
_a
32
100
_a
21
101
_a
SHP
245
_a
INTERNATIONAL POLITICS ON THE WORLD STAGE
_c
ROURKE,J.T
942
_2
udc
_c
BK
999
_c
19155
_d
19155